000 00462nam a22001937a 4500
003 CO-ViMGA
005 20230915225016.0
008 150703b xxu||||| |||| 00| 0 eng d
020 _a9789588787480
040 _aCO-ViMGA
_bspa
_cCO-ViMGA
090 _bA PIN1
100 1 _4PINTO Y CHINTO
245 1 0 _aMINIMALARIO
260 _aBOGOTA
_bKALANDRAKA
_c2013
300 _a(116) PAGINAS
650 1 4 _2LIBRO ALBUM
700 1 _4ÒSCAR VILLÀN
942 _2ddc
_cBK
999 _c4170
_d4170